[Event "NATO-ch 24th"]
[Site "Rynia"]
[Date "2013.08.12"]
[Round "1"]
[White "Skwarczynski, Marcin"]
[Black "Rosenkilde, Alexander"]
[Result "1/2-1/2"]
[WhiteElo "2014"]
[BlackElo "2262"]
[PlyCount "59"]
[EventDate "2013.08.12"]
[EventType "swiss"]
[EventRounds "7"]
[EventCountry "POL"]
[SourceTitle "CBM 156 Extra"]
[Source "ChessBase"]
[SourceDate "2013.10.22"]
[SourceVersion "1"]
[SourceVersionDate "2013.10.22"]
[SourceQuality "1"]

1. e4 c5 2. Nf3 Nc6 3. d4 cxd4 4. Nxd4 Nf6 5. Nc3 e5 6. Ndb5 d6 7. Bg5 a6 8. Na3 b5 9. Nd5 Be7 10. Bxf6 Bxf6 11. c4 b4 12. Nc2 Rb8 13. Be2 0-0 14. Qd3 Bg5 15. Nde3 Bxe3 16. Qxe3 Be6 17. b3 Qe7 18. Rd1 a5 19. 0-0 Nd8 20. Rd2 Nb7 21. Rfd1 Rfd8 22. f4 f6 23. Ne1 Qc7 24. f5 Bf7 25. Nd3 Rd7 26. g4 Nd8 27. Ne1 Nb7 28. Nd3 Nd8 29. Ne1 Nb7 30. Nd3 1/2-1/2

[Event "NATO-ch 22nd"]
[Site "Kaunas"]
[Date "2011.08.11"]
[Round "6"]
[White "Skwarczynski, Marcin"]
[Black "Maciokas, Kostas"]
[Result "1-0"]
[WhiteElo "2011"]
[BlackElo "2079"]
[PlyCount "133"]
[EventDate "2011.08.08"]
[EventType "swiss"]
[EventRounds "7"]
[EventCountry "LTU"]
[SourceTitle "CBM 143 Extra"]
[Source "ChessBase"]
[SourceDate "2011.08.29"]
[SourceVersion "1"]
[SourceVersionDate "2011.08.29"]
[SourceQuality "1"]

1. e4 e5 2. Nf3 Nc6 3. Bc4 Nf6 4. Qe2 Be7 5. 0-0 0-0 6. d3 d6 7. h3 Na5 8. c3 Nxc4 9. dxc4 b6 10. Re1 h6 11. Nbd2 Nh7 12. Nf1 f5 13. exf5 Bxf5 14. Be3 Qd7 15. Rad1 Qc6 16. N1h2 Rf7 17. Nd2 Raf8 18. f3 Bh4 19. Rf1 Ng5 20. Bxg5 Bxg5 21. Ng4 Qd7 22. Ne4 Bf4 23. Ngf2 h5 24. Nd3 Bg6 25. c5 d5 26. Nxf4 Rxf4 27. cxb6 axb6 28. Nf2 Qd6 29. Rfe1 R4f5 30. Nd3 Re8 31. Nb4 Qc5+ 32. Qe3 d4 33. Qf2 dxc3 34. bxc3 Qxc3 35. Nd5 Qc4 36. Ne3 Qc5 37. Nxf5 Qxf2+ 38. Kxf2 Bxf5 39. g4 hxg4 40. hxg4 Bc8 41. Rd5 e4 42. Rd4 Bb7 43. fxe4 c5 44. Rd2 Bxe4 45. Kg3 Bc6 46. Rxe8+ Bxe8 47. Kf4 Kf7 48. Rd6 b5 49. a3 b4 50. axb4 cxb4 51. Rb6 Ba4 52. Rxb4 Bc2 53. Kg5 Bd3 54. Rb7+ Kf8 55. Rd7 Bc2 56. Kh5 Be4 57. Rd4 Bc2 58. g5 g6+ 59. Kh6 Bf5 60. Rb4 Kf7 61. Kh7 Kf8 62. Rb6 Bd3 63. Rf6+ Ke7 64. Kg7 Bc2 65. Rxg6 Bxg6 66. Kxg6 Kf8 67. Kh7 1-0